Dostaví sa osudový vplyv informatizácie na zamestnanosť
Vzťah medzi novými informačnými technológiami a globalizáciou. Vysoké percento rastu rozvoja informačných technológií a ich dopad na pracovné príležitosti. Riziká dopadu rýchleho rozvoja informačných technológií na ľudskú spoločnosť.
Salvato in:
| Autore principale: | |
|---|---|
| Natura: | Capitolo di libro |
| Lingua: | slovacco |
| Soggetti: | |
| Tags: |
Nessun Tag, puoi essere il primo ad aggiungerne!!
|
MARC
| LEADER | 00000naa$a2200000$$$4500 | ||
|---|---|---|---|
| 001 | 0018860 | ||
| 005 | 20231004123728.7 | ||
| 041 | 0 | |a slo | |
| 044 | |a SK | ||
| 245 | 1 | 0 | |a Dostaví sa osudový vplyv informatizácie na zamestnanosť |c Robert J. Shiller |
| 520 | |a Vzťah medzi novými informačnými technológiami a globalizáciou. Vysoké percento rastu rozvoja informačných technológií a ich dopad na pracovné príležitosti. Riziká dopadu rýchleho rozvoja informačných technológií na ľudskú spoločnosť. | ||
| 610 | 2 | 0 | |a technológie informačné |
| 610 | 2 | 0 | |a globalizácia |
| 610 | 2 | 0 | |a globalizácia hospodárstva |
| 610 | 2 | 0 | |a zamestnanosť |
| 610 | 2 | 0 | |a príležitosť pracovná |
| 610 | 2 | 0 | |a zdaňovanie |
| 610 | 2 | 0 | |a odmeňovanie |
| 100 | 1 | |a Shiller, Robert J. | |